| 000 | 01453nam0a2200337 4500 | ||
|---|---|---|---|
| 001 | RU\NLR\BIBL_A\011616285 | ||
| 005 | 20240921194210.0 | ||
| 010 |
_a9785880453351 _9500 |
||
| 021 |
_aRU _b2017-102520 _97398 |
||
| 035 | _a(RuMoRGB)009505089 | ||
| 035 | _a(NLR Aleph) 011616285 | ||
| 090 |
_a10960961 _c10960961 |
||
| 100 | _a20180201d2017 k y0rusy50 ca | ||
| 101 | 0 | _arus | |
| 102 | _aRU | ||
| 105 | _aa|||z|||000zy | ||
| 200 | 1 |
_aФормирование техники бросков мяча в игре бочча у спортсменов класса ВС1 и ВС2 _eмонография _fТ. Е. Казакова, А. С. Махов |
|
| 210 |
_aМосква _cПерспектива _d2017 |
||
| 215 |
_a111, [1] с. _cил., табл. _d20 |
||
| 300 | _aНа 4-й с. обл. 2-й авт.: Махов А.С., д.п.н., доц. | ||
| 320 | _aБиблиогр.: с. 99-105 (77 назв.) и в подстроч. примеч. | ||
| 606 | 1 |
_aБочча _xИгроки _xТехническая подготовка _92563662 _3RU\NLR\AUTH\6601728441 |
|
| 610 | 0 | _aбочче, игра - адаптивная техника | |
| 686 | 1 | _aЧ511.14бочча | |
| 700 | 1 |
_aКазакова _bТ. Е. _gТатьяна Евгеньевна |
|
| 701 | 1 |
_aМахов _bА. С. _gАлександр Сергеевич |
|
| 942 | _cBOOK | ||
| 980 | _aNBR | ||